Les prénoms dans les chansons de Georges Brassens - Statistiques

Statistiques générales
  • Ce quiz a été pris 274 fois
  • Le résultat moyen est 9 sur 15
Statistiques - réponses
Chanson Prénom % Correct
Quand je pense à ---- , je bande Fernande
93%
Les sabots d'----- étaient tout crottés Hélène
92%
Heureux qui comme ----- a fait un beau voyage Ulysse
92%
La cane de ----- est morte au gui l'an neuf Jeanne
88%
Quand ---- dégrafait son corsage Margot
88%
Encore moins la femme de Nestor non c'est la femme d'----- Hector
77%
Pauvre -----, pauvre misère, creuse la terr', creuse le temps! Martin
60%
Y a tout à l'heure quinze ans d'malheur mon vieux ---- Léon
56%
Quand j'ai couru chanter ma petite chanson pour ----- Marinette
54%
Comptez plus sur oncle ----- pour payer les violons du bal Archibald
51%
Chez ------, la ------,son auberge est ouverte aux gens sans feu ni lieu Jeanne
48%
Tonton ----- vous eûtes tort je vous le dis tout net Nestor
41%
Ancienne enfant d'Marie-salope ----, la bonne au curé Mélanie
26%
C'est la face cachée de la lune de miel et la rançon de --- Pénélope
25%
---- rentre au village son père chercher Jean
10%
Aucun quiz correspondant
Distribution des résultats
% des personnes avec chaque résultat
Percentile par nombre de réponses
Votre historique - résultats
Vous n’avez pas pris ce quiz